Online
Catalog

150 Years of photo journalism / (Record no. 43324)

MARC details
000 -CABECERA
campo de control de longitud fija 00721nam a2200229 a 4500
001 - NÚMERO DE CONTROL
campo de control 000043835
005 - FECHA Y HORA DE LA ÚLTIMA TRANSACCIÓN
campo de control 20201002045009.0
008 - DATOS DE LONGITUD FIJA--INFORMACIÓN GENERAL
campo de control de longitud fija 140506s1995 gr ac 001 0 spa
020 ## - NÚMERO INTERNACIONAL ESTÁNDAR DEL LIBRO
Número Internacional Estándar del Libro 3895081027
040 ## - FUENTE DE LA CATALOGACIÓN
Centro catalogador/agencia de origen DO-SdBNP
Lengua de catalogación spa
Centro/agencia transcriptor BNPHU
041 17 - CÓDIGO DE LENGUA
Código de lengua del texto/banda sonora o título independiente eng
Código de lengua original germ.
100 1# - ENTRADA PRINCIPAL--NOMBRE DE PERSONA
Nombre de persona Hopkinson, Amanda
9 (RLIN) 71699
245 10 - MENCIÓN DE TÍTULO
Título 150 Years of photo journalism /
Mención de responsabilidad, etc. Amanda Hopkinson.
246 13 - FORMA VARIANTE DE TÍTULO
Título propio/Titulo breve One hundred fifty years of photo journalism
260 ## - PUBLICACIÓN, DISTRIBUCIÓN, ETC.
Lugar de publicación, distribución, etc. Germany :
Nombre del editor, distribuidor, etc. Könemann,
Fecha de publicación, distribución, etc. 1995.
300 ## - DESCRIPCIÓN FÍSICA
Extensión v. :
Otras características físicas il., retrs. ;
Dimensiones 32 cm.
490 1# - MENCIÓN DE SERIE
Mención de serie hulton deautsch collection
500 ## - NOTA GENERAL
Nota general La biblioteca posee el v. 2
500 ## - NOTA GENERAL
Nota general Incluye índice
546 ## - NOTA DE LENGUA/LENGUAJE
Nota de lengua/lenguaje texto en English and German.
830 #0 - PUNTO DE ACCESO ADICIONAL DE SERIE-TÍTULO UNIFORME
Título uniforme hulton deautsch collection
9 (RLIN) 71700
Holdings
Estado de retiro Estado de pérdida Restricciones de uso No para préstamo Código de colección Localización permanente Ubicación/localización actual Ubicación en estantería Fecha de adquisición Número de inventario Total de préstamos Signatura topográfica completa Código de barras Fecha visto por última vez Precio válido a partir de Tipo de ítem Koha
        Monografías: Libros y Folletos General General Orden iniciada 06.05.2014 LF1   43835-10 25.06.2020 25.06.2020 No se presta

Powered by Koha